000 00468nam a2200181Ia 4500
001 19690
005 20260306172711.0
008 260306t2017||||xx |||||||||||||| ||spa||
041 _aESP
082 _a341
_bD59 Nº 5
100 _aMacCormick, Neil
_eAUT
245 0 _aRetórica y estado de derecho:
_buna teoría del razonamiento jurídico
260 _c2017
300 _a466 páginas :
_c20 cm.
650 _aGEN
654 _aCDE
942 _cLIB
_dJUS
_fJUS
_2ddc
_n
999 _c19690
_d19690